Normal view
MARC view
- المانيا النازية-تاريخ
Entry Topical Term
001 - CONTROL NUMBER
- control field: 16026
003 - CONTROL NUMBER IDENTIFIER
- control field: JO-AjAnu
005 - DATE AND TIME OF LATEST TRANSACTION
- control field: 20230606072845.0
008 - FIXED-LENGTH DATA ELEMENTS
- fixed length control field: 230606|| aca||aabn | a|a d
040 ## - CATALOGING SOURCE
- Original cataloging agency: JO-AjAnu
- Transcribing agency: JO-AjAnu
150 ## - HEADING--TOPICAL TERM
- Topical term or geographic name entry element: المانيا النازية-تاريخ
670 ## - SOURCE DATA FOUND
- Source citation: Work cat.: (JO-AjAnu)8227: الانسي، نوري, author 16025, تاريخ المانيا النازية: تاريخ وتطور الحركة الهتلرية بين عام 1924و 1945، الجزء الثاني